000 00681nam a2200157 a 4500
008 120416s1972 ||||||||||||||||| || u
050 _aHT 151 Det
100 _aDetwyler, Thomas R
245 1 0 _aUrbanization and environment
246 _athe physical geography of the city
260 _aBelmont, Cal.
_bDuxbury P
_c1972
300 _aviii, 287p. : ill
350 _a0.00
995 _aMAIN LIBRARY OPEN ACCESS
_D0.00
_e703403
_FCBU-MAIN LIBRARY (Kitwe)
_H1
_I0.00
_jHT 151 Det
_M1
_UAVAILABLE
_y008247
_ZMain Library Open Access Collection
995 _aBINDERY (DAMAGED)
_D0.00
_e706370
_FCBU-MAIN LIBRARY (Kitwe)
_H2
_I0.00
_jHT 151 Det
_M1
_UDAMAGED
_y008246
_ZMain Library Open Access Collection
999 _c78591
_d78591